[Event "RSA-chT U14"]
[Site "Cape Town"]
[Date "2016.01.07"]
[Round "7.6"]
[White "Van Aswegen, Stefan"]
[Black "Pelser, Casper Hugo"]
[Result "1-0"]
[WhiteElo "1058"]
[BlackElo "1233"]
[PlyCount "43"]
[EventDate "2016.01.04"]
[EventType "team-tourn"]
[EventRounds "7"]
[EventCountry "RSA"]
[SourceTitle "CBM 170 Extra"]
[Source "ChessBase"]
[SourceDate "2016.02.25"]
[SourceVersion "1"]
[SourceVersionDate "2016.02.25"]
[SourceQuality "1"]
[WhiteTeam "Ekurhuleni"]
[BlackTeam "Tshwane"]
[WhiteTeamCountry "RSA"]
[BlackTeamCountry "RSA"]

1. e4 e6 2. Nf3 d5 3. exd5 exd5 4. d4 Bd6 5. Nc3 c6 6. Be3 Bf5 7. Bd3 Ne7 8. Qe2 0-0 9. Bxf5 Nxf5 10. 0-0 Re8 11. Qd3 Nxe3 12. fxe3 Nd7 13. Rae1 Nf6 14. e4 dxe4 15. Nxe4 Nxe4 16. Rxe4 Rxe4 17. Qxe4 Qe7 18. Ne5 f6 19. Re1 fxe5 20. dxe5 Re8 21. h3 Qxe5 22. Qc4+ 1-0

[Event "RSA-chT U14"]
[Site "Cape Town"]
[Date "2016.01.06"]
[Round "5.6"]
[White "Sapere, Rafael"]
[Black "Van Aswegen, Stefan"]
[Result "1-0"]
[WhiteElo "1116"]
[BlackElo "1058"]
[PlyCount "63"]
[EventDate "2016.01.04"]
[EventType "team-tourn"]
[EventRounds "7"]
[EventCountry "RSA"]
[SourceTitle "CBM 170 Extra"]
[Source "ChessBase"]
[SourceDate "2016.02.25"]
[SourceVersion "1"]
[SourceVersionDate "2016.02.25"]
[SourceQuality "1"]
[WhiteTeam "Nelson Mandela Bay"]
[BlackTeam "Ekurhuleni"]
[WhiteTeamCountry "RSA"]
[BlackTeamCountry "RSA"]

1. e4 e5 2. Nf3 Nc6 3. Bb5 Bc5 4. 0-0 d6 5. d4 exd4 6. Nxd4 Bd7 7. c3 Nxd4 8. Bxd7+ Qxd7 9. cxd4 Bb6 10. Nc3 Nf6 11. Re1 0-0 12. a4 a6 13. Qf3 Bxd4 14. Be3 c5 15. Rad1 Bxc3 16. bxc3 Qxa4 17. Bg5 Rfe8 18. Bxf6 gxf6 19. Rd3 Re5 20. Rxd6 Rae8 21. h4 f5 22. Rd8 Rxe4 23. Qg3+ Kf8 24. Qd6+ Kg7 25. Rxe4 Rxd8 26. Qe5+ f6 27. Qe7+ Kg6 28. Rxa4 Rd1+ 29. Kh2 Rb1 30. g4 fxg4 31. Qe4+ Kh5 32. Qxh7# 1-0